00545 2200217 4500001002100000005001500021008004100036020002200077035001900099041000700118082001200125090001800137100002600155245003100181260003100212300002300243500000600266650001200272990001900284990002400303INLIS00000000000289920241224112625241224||||||||| | ||| |||| || |  a978-979-33-0712-9 0010-1224002899 aid0 a959.801 a959.801 LAN g0 aLangit Kresna Hariadi00aGajah Mada : Hamukti Moksa aSolobTiga Serangkaic2012 ax, 582 hlm.; 21 cm a1 0aSejarah a05.17.01.09.03 a05.17.01.09.04. 001